Freylekhe ṭeg (Record no. 31804)

MARC details
000 -LEADER
fixed length control field 00610cam a22001931 4500
001 - CONTROL NUMBER
control field he 66001154
003 - CONTROL NUMBER IDENTIFIER
control field DLC
005 - DATE AND TIME OF LATEST TRANSACTION
control field 20260227111439.0
008 - FIXED-LENGTH DATA ELEMENTS--GENERAL INFORMATION
fixed length control field 860825s1962 nyua 000 0 yidr
010 ## - LIBRARY OF CONGRESS CONTROL NUMBER
LC control number he 66001154
035 ## - SYSTEM CONTROL NUMBER
System control number (OCoLC)19309540
040 ## - CATALOGING SOURCE
Original cataloging agency DLC
Transcribing agency MH
Modifying agency TxU
-- DLC
050 00 - LIBRARY OF CONGRESS CALL NUMBER
Classification number PZ90.Y5
Item number O58
100 1# - MAIN ENTRY--PERSONAL NAME
Personal name Olitzky, Mates,
Dates associated with a name 1915-
245 10 - TITLE STATEMENT
Title Freylekhe ṭeg
Statement of responsibility, etc. [fun] M. Olitsḳi. Ilusṭrirṭ fun Ize.
260 ## - PUBLICATION, DISTRIBUTION, ETC.
Place of publication, distribution, etc. Nyu York,
Name of publisher, distributor, etc. Bildungs ḳomiṭeṭ fun Arbeṭer-ring,
Date of publication, distribution, etc. 1962.
300 ## - PHYSICAL DESCRIPTION
Extent 119 p.
Other physical details illus.
Dimensions 24 cm.
500 ## - GENERAL NOTE
General note "Lider far kinder ... gedruḳṭ in farsheydene zshurnaln."

No items available.

Powered by Koha